Cinco cuartos de naranja / (Record no. 193042)

MARC details
000 -LEADER
campo de control de longitud fija 01171nam a2200361 i 4500
001 - NÚMERO DE CONTROL
campo de control 193042
003 - IDENTIFICADOR DE NÚMERO DE CONTROL
campo de control ES-MaACL
005 - FECHA Y HORA DE LA ÚLTIMA TRANSACCIÓN
campo de control 20240707063034.0
007 - CAMPO FIJO DE DESCRIPCIÓN FÍSICA--INFORMACIÓN GENERAL
campo de control de longitud fija t
008 - DATOS DE LONGITUD FIJA--INFORMACIÓN GENERAL
campo de control de longitud fija 230726d2001 spa/xxxb//xxxb000x0/spabd
020 ## - NÚMERO INTERNACIONAL ESTÁNDAR DEL LIBRO
Número Internacional Estándar del Libro 8425335841
035 ## - NÚMERO DE CONTROL DEL SISTEMA
Número de control de sistema LZ00 0005267
035 ## - NÚMERO DE CONTROL DEL SISTEMA
Número de control de sistema CCBIP02518937
040 ## - FUENTE DE CATALOGACIÓN
Centro catalogador/agencia de origen LZ00
Lengua de catalogación spa
Centro/agencia transcriptor ES-MaACL
080 ## - NÚMERO DE LA CLASIFICACIÓN DECIMAL UNIVERSAL
Número de la Clasificación Decimal Universal 820(410)-31"20"
100 1# - ENTRADA PRINCIPAL--NOMBRE DE PERSONA
Nombre de persona Harris, Joanne,
Fechas asociadas al nombre 1964-
9 (RLIN) 233849
245 10 - MENCIÓN DEL TÍTULO
Título Cinco cuartos de naranja /
Resto del título
Mención de responsabilidad, etc. Joanne Harris; traducción de Marta Arguilé.
250 ## - MENCION DE EDICION
Mención de edición 1ª ed.
260 ## - PUBLICACIÓN, DISTRIBUCIÓN, ETC.
Lugar de publicación, distribución, etc. Barcelona :
Nombre del editor, distribuidor, etc. Grijalbo- Mondadori,
Fecha de publicación, distribución, etc. 2001.
300 ## - DESCRIPCIÓN FÍSICA
Extensión 332 p. ;
Dimensiones 23 cm.
336 ## - TIPO DE CONTENIDO
Fuente rdacontent
Término de tipo de contenido Texto
337 ## - TIPO DE MEDIO
Fuente rdamedia
Nombre/término del tipo de medio sin mediación
338 ## - TIPO DE SOPORTE
Fuente rdacarrier
Nombre/término del tipo de soporte volumen
500 ## - NOTA GENERAL
Nota general Catalogación provisional. Signatura: N 8547. Depósito J.
650 #7 - PUNTO DE ACCESO ADICIONAL DE MATERIA--TÉRMINO DE MATERIA
Término de materia o nombre geográfico como elemento de entrada Novelas
Fuente del encabezamiento o término embne
9 (RLIN) 233904
700 1# - ENTRADA AGREGADA--NOMBRE PERSONAL
Nombre de persona Arguié, Marta
9 (RLIN) 233850
852 ## - LOCALIZACIÓN
Ubicación ES-MaACL
Sublocalización o colección R 152028
Ubicación en estantería Depósito J
Número de control de estantería N 8547
Nota libre En proceso
itemnumber 200347
942 ## - ELEMENTOS DE ENTRADA SECUNDARIOS (KOHA)
Suprimir en OPAC No
Tipo de ítem Koha Libro impreso
Holdings
Estatus retirado Estado de pérdida Fuente del sistema de clasificación o colocación Estado de daño No para préstamo Biblioteca de origen Biblioteca actual Ubicación en estantería Fecha de adquisición Fuente de adquisición Total de préstamos Signatura topográfica completa Código de barras Visto por última vez Precio de reemplazo Tipo de ítem Koha
    Clasificación decimal universal     Biblioteca del Ateneo de Madrid Biblioteca del Ateneo de Madrid Depósito J 07/12/2017 Donación   N-8547 101205640 26/07/2023 26/07/2023 Libro impreso